LEADER 01228nam a2200301 i 4500 001 000000248710 003 CaOOAMICUS 005 20250728145331.0 008 160526s2005 it u000 u ita u 013 $a227615 020 $a88-200-3988-5 040 $aSeMil$bita 100 1 $aZizola, Giancarlo <1936-2011>.$0(OLS)http://semarc/name/19128 245 10$aBenedetto 16. /$cGiancarlo Zizola. 246 04$iTitolo in copertina:$aBenedetto 16. : un successore al crocevia 260 $aMilano :$bSperling & Kupfer,$c2005. 300 $aXII, 447 p. ;$c23 cm. 490 0 $aSaggi 600 04$aBenedetto XVI .$0(OLS)http://semarc/subject/16830 830 0$aSaggi .$0(OLS)http://semarc/title/455049 850 $aSeMil 852 $aSeMil$W1$xVenegono$y1$m3A III 342$j233390$B199056$CSeMilBibl$Z2$F211936 $81 961 $aLascito: Orsenigo don Elia 996 $6020$a88-200-3988-5$9(OLS)http://semarc/number/258543 996 $6245$aBenedetto 16.$9(OLS)http://semarc/title/350917 996 $6246$aBenedetto 16. : un successore al crocevia$9(OLS)http://semarc/title/350918 996 $6260$aMilano :$bSperling & Kupfer$9(OLS)http://semarc/publisher/31721 LEADER 01312nam a2200289 i 4500 001 000000021749 003 CaOOAMICUS 005 20210217163245.0 008 180830n fr u000 u und u 040 $aSeMil$bita 245 10$aOeuvres de Saint Augustin :$b3. série: La Grâce. 260 $aParis :$bDesclée de Brouwer,$c[196?] 300 $av. ;$c18 cm. 650 4$aAgostino, Aurelio - Opere.$0(OLS)http://semarc/subject/476 700 0 $aAugustinus, Aurelius,$c.$0(OLS)http://semarc/name/498 774 0 $t24: Aux moines d'adrumète et de Provence.$kBibliothèque augustinienne$g24$w()180742 774 0 $t23: Premières polémiques contre Julien.$kBibliothèque augustinienne$g23$w()180754 774 0 $tCrise pélagienne 2..$kBibliothèque augustinienne$g22$w()180755 774 0 $t21: La crise pélagienne 1..$kBibliothèque augustinienne$g21$w()180756 830 0$aBibliothèque augustinienne.$0(OLS)http://semarc/title/571 900 1 $aAgostino : d'Ippona. 900 1 $aSant'Agostino. 996 $6245$aOeuvres de Saint Augustin :$b3. série: La Grâce$9(OLS)http://semarc/title/28849 996 $6260$aParis :$bDesclée de Brouwer$9(OLS)http://semarc/publisher/30132